000 00217nam a22000857a 4500
008 170121b xxu||||| |||| 00| 0 eng d
100 _92525
_aCBSE
245 _aProblem Solving Assessment XI
260 _aNew Delhi
_bCBSE
_c2014
999 _c5609
_d5609